00776nam a22002177a 4500010002700000020002600027020002300053035002400076037001300100082001400113100001900127245006200146260004600208270006600254300002400320500006600344600004800410650004100458650001700499650004200516 aENG-112106 ENG-136616 a9780198099574c995.00 a0198099576c995.00 aEN-95638 EN-120148 bDBAD/PUB a949.60391 aAkcapar, Burak aPeople's mission to the Ottoman Empire/cby Burak Akcapar aNew DelhibOxford University Press c2015 aYMCA Library Building, 1, Jai Singh Road, bNew Delhie110001 axii,336p.c23cm(Hb) aIncludes bibliographical references (pages 318-325) and index aAnsari, M. A. d1880-1936 xCorrespondence. aMissions, MedicalzTurkey xHistory. aPanislamism. aPhysiciansxhistory zOttoman Empire.